| 000 | 00425nam a2200169 a 4500 | ||
|---|---|---|---|
| 005 | 20140310183507.0 | ||
| 008 | 100918s19uu xx 00 eng d | ||
| 020 | _a0380763184 | ||
| 050 |
_aPZ 7 _b.L528 1991 |
||
| 100 | _aLeigh, Robin | ||
| 245 |
_aRugged splendor / _cRobin Leigh. |
||
| 260 |
_aNew York : _bAvon Books, _c1991. |
||
| 300 |
_a378 p. : _c18 cm. |
||
| 650 | _aFiction | ||
| 942 |
_cBK _2lcc |
||
| 999 |
_c24083 _d24083 |
||